[Event "DVM U20 2017"]
[Site "Düsseldorf GER"]
[Date "2017.12.29"]
[Round "5"]
[White "Kramer, Julian"]
[Black "Linnert, Niklas"]
[Result "1-0"]
[Termination "normal"]
[Board "3.2"]
[WhiteTitle "FM"]
[WhiteElo "2373"]
[BlackElo "1979"]
[WhiteClock "00:32:34"]
[BlackClock "00:27:27"]
[WhiteTeam "Hamburger SK"]
[BlackTeam "SK König Plauen"]
[PlyCount "87"]
[WhiteFideId "12921742"]
[BlackFideId "12974781"]
[EventCountry "GER"]
[EventRounds "7"]
[EventType "team-swiss"]
[EventDate "2017.12.26"]

1. e4 {[%clk 1:30:55]} c5 {[%clk 1:30:51]} 2. Nf3 {[%clk 1:31:17]} e6 {[%clk
1:31:16]} 3. d4 {[%clk 1:31:36]} cxd4 {[%clk 1:31:38]} 4. Nxd4 {[%clk 1:32:02]}
Nc6 {[%clk 1:31:24]} 5. Nc3 {[%clk 1:32:25]} Qc7 {[%clk 1:29:40]} 6. Be3 {[%clk
1:32:45]} a6 {[%clk 1:28:22]} 7. Qf3 {[%clk 1:26:14]} Nf6 {[%clk 1:21:26]} 8.
O-O-O {[%clk 1:26:26]} Be7 {[%clk 1:17:41]} 9. Be2 {[%clk 1:22:04]} d6 {[%clk
1:03:13]} 10. Qg3 {[%clk 1:13:29]} O-O {[%clk 0:44:29]} 11. f4 {[%clk 1:09:34]}
e5 {[%clk 0:41:33]} 12. Nf5 {[%clk 1:05:47]} Bxf5 {[%clk 0:40:15]} 13. exf5
{[%clk 1:06:09]} Rfe8 {[%clk 0:35:13]} 14. fxe5 {[%clk 0:54:15]} Nxe5 {[%clk
0:35:16]} 15. Bh6 {[%clk 0:46:16]} Bf8 {[%clk 0:32:57]} 16. Bg5 {[%clk
0:46:33]} Ned7 {[%clk 0:32:27]} 17. Bd3 {[%clk 0:44:44]} Rac8 {[%clk 0:30:07]}
18. Qh4 {[%clk 0:33:32]} Be7 {[%clk 0:24:47]} 19. Rhe1 {[%clk 0:29:46]} Ne5
{[%clk 0:23:40]} 20. Qd4 {[%clk 0:26:02]} b5 {[%clk 0:18:31]} 21. Bxf6 {[%clk
0:24:12]} Bxf6 {[%clk 0:18:45]} 22. Nd5 {[%clk 0:24:33]} Bg5+ {[%clk 0:13:52]}
23. Kb1 {[%clk 0:24:49]} Qc5 {[%clk 0:13:56]} 24. Qxc5 {[%clk 0:18:02]} dxc5
{[%clk 0:14:04]} 25. Be2 {[%clk 0:18:11]} Nc6 {[%clk 0:10:20]} 26. c3 {[%clk
0:17:33]} Rcd8 {[%clk 0:09:40]} 27. Kc2 {[%clk 0:16:48]} Ne7 {[%clk 0:06:47]}
28. Nxe7+ {[%clk 0:09:25]} Bxe7 {[%clk 0:07:16]} 29. Bf3 {[%clk 0:08:34]} Rxd1
{[%clk 0:06:29]} 30. Rxd1 {[%clk 0:07:31]} Kf8 {[%clk 0:04:27]} 31. Bb7 {[%clk
0:04:32]} a5 {[%clk 0:04:37]} 32. Bc6 {[%clk 0:04:58]} Rb8 {[%clk 0:04:59]} 33.
Rd7 {[%clk 0:05:04]} b4 {[%clk 0:04:51]} 34. Ra7 {[%clk 0:05:06]} Rc8 {[%clk
0:03:52]} 35. Bd5 {[%clk 0:04:26]} bxc3 {[%clk 0:03:12]} 36. bxc3 {[%clk
0:03:03]} Rd8 {[%clk 0:03:24]} 37. Bc4 {[%clk 0:03:20]} Rb8 {[%clk 0:02:53]}
38. Rxa5 {[%clk 0:03:40]} g6 {[%clk 0:03:09]} 39. fxg6 {[%clk 0:03:41]} fxg6
{[%clk 0:02:44]} 40. Ra7 {[%clk 0:04:04]} h6 {[%clk 0:02:41]} 41. a4 {[%clk
0:02:38]} Ke8 {[%clk 0:29:16]} 42. a5 {[%clk 0:33:09]} Kd8 {[%clk 0:29:24]} 43.
a6 {[%clk 0:33:19]} g5 {[%clk 0:27:27]} 44. Rxe7 {[%clk 0:32:34]} 1-0

[Event "DVM U20 2017"]
[Site "Düsseldorf GER"]
[Date "2017.12.29"]
[Round "5"]
[White "Merkel, Toni"]
[Black "Uksini, Bardhyl"]
[Result "0-1"]
[Termination "normal"]
[Board "3.3"]
[WhiteElo "1884"]
[BlackElo "2331"]
[WhiteClock "00:14:58"]
[BlackClock "00:52:32"]
[WhiteTeam "SK König Plauen"]
[BlackTeam "Hamburger SK"]
[PlyCount "52"]
[WhiteFideId "12902624"]
[BlackFideId "1628313"]
[EventCountry "GER"]
[EventRounds "7"]
[EventType "team-swiss"]
[EventDate "2017.12.26"]

1. e4 {[%clk 1:30:58]} c5 {[%clk 1:30:56]} 2. Nf3 {[%clk 1:31:23]} e6 {[%clk
1:31:21]} 3. d4 {[%clk 1:31:48]} cxd4 {[%clk 1:31:42]} 4. Nxd4 {[%clk 1:32:14]}
Nc6 {[%clk 1:31:45]} 5. Nc3 {[%clk 1:31:31]} Nf6 {[%clk 1:30:34]} 6. Be3 {[%clk
1:26:17]} Bb4 {[%clk 1:30:33]} 7. Nxc6 {[%clk 1:23:35]} bxc6 {[%clk 1:30:43]}
8. Bd3 {[%clk 1:23:47]} d5 {[%clk 1:30:51]} 9. exd5 {[%clk 1:18:42]} exd5
{[%clk 1:29:22]} 10. a3 {[%clk 1:16:53]} Be7 {[%clk 1:27:57]} 11. Ne2 {[%clk
1:14:04]} O-O {[%clk 1:24:56]} 12. O-O {[%clk 1:08:51]} a5 {[%clk 1:21:45]} 13.
c3 {[%clk 1:08:09]} c5 {[%clk 1:15:30]} 14. Qc2 {[%clk 1:01:11]} a4 {[%clk
1:13:39]} 15. Ng3 {[%clk 0:54:49]} Re8 {[%clk 1:10:41]} 16. Bf5 {[%clk
0:42:59]} Bb7 {[%clk 1:05:04]} 17. b4 {[%clk 0:37:04]} axb3 {[%clk 1:00:19]}
18. Qxb3 {[%clk 0:37:28]} Bc6 {[%clk 1:00:28]} 19. Rfb1 {[%clk 0:32:25]} g6
{[%clk 0:58:53]} 20. Bc2 {[%clk 0:29:29]} Ng4 {[%clk 0:52:28]} 21. Bf4 {[%clk
0:25:44]} Bd6 {[%clk 0:52:04]} 22. Bxd6 {[%clk 0:25:04]} Qxd6 {[%clk 0:52:30]}
23. h3 {[%clk 0:22:01]} Nxf2 {[%clk 0:51:44]} 24. Kxf2 {[%clk 0:19:31]} Qf4+
{[%clk 0:52:03]} 25. Kg1 {[%clk 0:19:57]} Qxg3 {[%clk 0:52:23]} 26. Qb6 {[%clk
0:14:58]} Re2 {[%clk 0:52:32]} 0-1

[Event "DVM U20 2017"]
[Site "Düsseldorf GER"]
[Date "2017.12.29"]
[Round "5"]
[White "Hinrichs, Lars"]
[Black "Nguyen Dang, Huy Duc"]
[Result "1-0"]
[Termination "normal"]
[Board "3.4"]
[WhiteElo "2216"]
[BlackElo "1783"]
[WhiteClock "00:34:58"]
[BlackClock "00:17:30"]
[WhiteTeam "Hamburger SK"]
[BlackTeam "SK König Plauen"]
[PlyCount "59"]
[WhiteFideId "12921769"]
[BlackFideId "12922846"]
[EventCountry "GER"]
[EventRounds "7"]
[EventType "team-swiss"]
[EventDate "2017.12.26"]

1. e4 {[%clk 1:30:54]} c5 {[%clk 1:30:48]} 2. Nf3 {[%clk 1:31:15]} Nc6 {[%clk
1:31:09]} 3. b4 {[%clk 1:31:32]} cxb4 {[%clk 1:27:31]} 4. d4 {[%clk 1:31:40]}
d6 {[%clk 1:27:54]} 5. d5 {[%clk 1:30:48]} Nb8 {[%clk 1:23:28]} 6. Bb2 {[%clk
1:28:48]} Nf6 {[%clk 1:23:35]} 7. e5 {[%clk 1:17:48]} dxe5 {[%clk 1:23:02]} 8.
Bc4 {[%clk 1:16:50]} Bg4 {[%clk 1:20:21]} 9. h3 {[%clk 1:11:39]} Bxf3 {[%clk
1:17:44]} 10. Qxf3 {[%clk 1:11:47]} g6 {[%clk 1:11:23]} 11. Bxe5 {[%clk
0:51:18]} Bg7 {[%clk 1:11:44]} 12. O-O {[%clk 0:47:17]} O-O {[%clk 1:01:55]}
13. Rd1 {[%clk 0:47:24]} Nbd7 {[%clk 1:00:06]} 14. Bb2 {[%clk 0:47:43]} Nb6
{[%clk 0:55:23]} 15. Bb3 {[%clk 0:48:06]} Nc8 {[%clk 0:55:41]} 16. a3 {[%clk
0:45:15]} bxa3 {[%clk 0:54:04]} 17. Nxa3 {[%clk 0:45:34]} Nd6 {[%clk 0:52:46]}
18. c4 {[%clk 0:45:00]} Nfe4 {[%clk 0:38:26]} 19. Bxg7 {[%clk 0:44:42]} Kxg7
{[%clk 0:38:46]} 20. c5 {[%clk 0:44:48]} Nxc5 {[%clk 0:28:09]} 21. Qc3+ {[%clk
0:45:07]} Kg8 {[%clk 0:28:30]} 22. Qxc5 {[%clk 0:45:31]} a6 {[%clk 0:28:29]}
23. Nc4 {[%clk 0:43:05]} Rc8 {[%clk 0:28:26]} 24. Qb4 {[%clk 0:41:02]} Rc7
{[%clk 0:24:45]} 25. Rac1 {[%clk 0:37:51]} Qd7 {[%clk 0:18:56]} 26. Nb6 {[%clk
0:36:20]} Qb5 {[%clk 0:16:46]} 27. Qxb5 {[%clk 0:35:04]} Nxb5 {[%clk 0:17:14]}
28. Rxc7 {[%clk 0:34:46]} Nxc7 {[%clk 0:17:34]} 29. d6 {[%clk 0:34:33]} exd6
{[%clk 0:17:30]} 30. Rxd6 {[%clk 0:34:58]} 1-0

[Event "DVM U20 2017"]
[Site "Düsseldorf GER"]
[Date "2017.12.29"]
[Round "5"]
[White "Helmrich, Daniel"]
[Black "Elbracht, Michael"]
[Result "1/2-1/2"]
[Termination "normal"]
[Board "3.5"]
[WhiteElo "1790"]
[BlackElo "2008"]
[WhiteClock "00:33:15"]
[BlackClock "00:30:33"]
[WhiteTeam "SK König Plauen"]
[BlackTeam "Hamburger SK"]
[PlyCount "57"]
[WhiteFideId "12956767"]
[BlackFideId "12945595"]
[EventCountry "GER"]
[EventRounds "7"]
[EventType "team-swiss"]
[EventDate "2017.12.26"]

1. d4 {[%clk 1:30:56]} Nf6 {[%clk 1:30:52]} 2. Bf4 {[%clk 1:31:23]} g6 {[%clk
1:31:16]} 3. Nf3 {[%clk 1:31:48]} Bg7 {[%clk 1:31:40]} 4. e3 {[%clk 1:32:12]}
O-O {[%clk 1:31:59]} 5. Be2 {[%clk 1:32:29]} d6 {[%clk 1:32:18]} 6. h3 {[%clk
1:32:56]} b6 {[%clk 1:32:31]} 7. O-O {[%clk 1:32:49]} Bb7 {[%clk 1:32:54]} 8.
c4 {[%clk 1:32:18]} Nbd7 {[%clk 1:33:09]} 9. Nc3 {[%clk 1:30:16]} Ne4 {[%clk
1:27:36]} 10. Nxe4 {[%clk 1:29:39]} Bxe4 {[%clk 1:27:59]} 11. Nd2 {[%clk
1:26:47]} Bb7 {[%clk 1:28:04]} 12. Bf3 {[%clk 1:24:36]} Qc8 {[%clk 1:26:47]}
13. Bxb7 {[%clk 1:13:20]} Qxb7 {[%clk 1:27:10]} 14. Qf3 {[%clk 1:05:58]} Qxf3
{[%clk 1:17:35]} 15. Nxf3 {[%clk 1:06:12]} e5 {[%clk 1:04:49]} 16. Bh2 {[%clk
1:04:30]} Rfe8 {[%clk 1:00:33]} 17. Rfe1 {[%clk 0:53:37]} Re7 {[%clk 0:46:43]}
18. Rad1 {[%clk 0:50:29]} Rae8 {[%clk 0:41:22]} 19. dxe5 {[%clk 0:49:02]} Bxe5
{[%clk 0:37:11]} 20. Bxe5 {[%clk 0:46:08]} Nxe5 {[%clk 0:37:28]} 21. Nxe5
{[%clk 0:46:22]} Rxe5 {[%clk 0:37:52]} 22. Rd2 {[%clk 0:44:11]} Re4 {[%clk
0:29:51]} 23. b3 {[%clk 0:43:45]} f5 {[%clk 0:29:50]} 24. Red1 {[%clk 0:37:34]}
f4 {[%clk 0:29:38]} 25. exf4 {[%clk 0:37:35]} Rxf4 {[%clk 0:30:01]} 26. f3
{[%clk 0:35:36]} Rf5 {[%clk 0:30:07]} 27. Rd5 {[%clk 0:32:55]} Rfe5 {[%clk
0:30:08]} 28. Rxe5 {[%clk 0:33:08]} Rxe5 {[%clk 0:30:33]} 29. Kf2 {[%clk
0:33:15]} 1/2-1/2

[Event "DVM U20 2017"]
[Site "Düsseldorf GER"]
[Date "2017.12.29"]
[Round "5"]
[White "Machalitza, Marvin"]
[Black "Graf, Lucas"]
[Result "1/2-1/2"]
[Termination "normal"]
[Board "3.6"]
[WhiteElo "1766"]
[BlackElo "1781"]
[WhiteClock "00:13:07"]
[BlackClock "00:11:03"]
[WhiteTeam "Hamburger SK"]
[BlackTeam "SK König Plauen"]
[PlyCount "72"]
[WhiteFideId "16255933"]
[BlackFideId "12974889"]
[EventCountry "GER"]
[EventRounds "7"]
[EventType "team-swiss"]
[EventDate "2017.12.26"]

1. d4 {[%clk 1:30:58]} Nf6 {[%clk 1:30:32]} 2. Nf3 {[%clk 1:31:18]} g6 {[%clk
1:29:46]} 3. Nbd2 {[%clk 1:31:31]} d5 {[%clk 1:30:02]} 4. e3 {[%clk 1:31:47]}
Bg7 {[%clk 1:30:26]} 5. b4 {[%clk 1:31:54]} O-O {[%clk 1:30:42]} 6. Bb2 {[%clk
1:30:54]} Bf5 {[%clk 1:29:37]} 7. Be2 {[%clk 1:30:09]} Nbd7 {[%clk 1:29:58]} 8.
O-O {[%clk 1:28:56]} c6 {[%clk 1:28:50]} 9. Nh4 {[%clk 1:22:56]} Ne4 {[%clk
1:25:46]} 10. Nxf5 {[%clk 1:18:24]} gxf5 {[%clk 1:26:14]} 11. c4 {[%clk
1:18:06]} a5 {[%clk 1:20:45]} 12. b5 {[%clk 1:08:31]} Nd6 {[%clk 1:16:23]} 13.
cxd5 {[%clk 1:02:27]} cxd5 {[%clk 1:16:41]} 14. a4 {[%clk 0:59:18]} Nf6 {[%clk
1:08:59]} 15. Qb3 {[%clk 0:51:54]} Qb6 {[%clk 0:55:41]} 16. Ba3 {[%clk
0:49:30]} Rfc8 {[%clk 0:54:40]} 17. Rac1 {[%clk 0:43:08]} e6 {[%clk 0:47:05]}
18. Bd3 {[%clk 0:38:04]} Bf8 {[%clk 0:44:30]} 19. Bc5 {[%clk 0:34:20]} Qd8
{[%clk 0:44:48]} 20. Rc3 {[%clk 0:32:53]} b6 {[%clk 0:35:56]} 21. Ba3 Rxc3
{[%clk 0:35:50]} 22. Qxc3 {[%clk 0:32:59]} Rc8 {[%clk 0:36:11]} 23. Qb2 {[%clk
0:31:09]} Nfe4 {[%clk 0:26:39]} 24. Nxe4 {[%clk 0:28:42]} fxe4 {[%clk 0:26:51]}
25. Be2 {[%clk 0:28:27]} Nc4 {[%clk 0:27:15]} 26. Bxc4 {[%clk 0:28:36]} Rxc4
{[%clk 0:27:44]} 27. Bxf8 {[%clk 0:23:36]} Qxf8 {[%clk 0:26:49]} 28. Ra1 {[%clk
0:23:25]} Qc8 {[%clk 0:24:25]} 29. g3 {[%clk 0:22:23]} Rc2 {[%clk 0:18:32]} 30.
Qa3 {[%clk 0:21:20]} Qc3 {[%clk 0:18:27]} 31. Qxc3 {[%clk 0:18:36]} Rxc3 {[%clk
0:18:56]} 32. Kf1 {[%clk 0:18:57]} f6 {[%clk 0:18:40]} 33. Ke2 {[%clk 0:18:49]}
e5 {[%clk 0:18:43]} 34. dxe5 {[%clk 0:16:27]} fxe5 {[%clk 0:19:06]} 35. Rd1
{[%clk 0:16:46]} Rc5 36. f4 {[%clk 0:13:07]} Kf7 {[%clk 0:11:03]} 1/2-1/2

[Event "DVM U20 2017"]
[Site "Düsseldorf GER"]
[Date "2017.12.29"]
[Round "5"]
[White "Tiarks, Jann-Christian"]
[Black "Stricker, Florian"]
[Result "1/2-1/2"]
[Termination "normal"]
[Board "4.2"]
[WhiteElo "2123"]
[BlackElo "2080"]
[WhiteTeam "USV Potsdam"]
[BlackTeam "SG Bochum"]
[PlyCount "61"]
[WhiteFideId "12951595"]
[BlackFideId "12976385"]
[EventCountry "GER"]
[EventRounds "7"]
[EventType "team-swiss"]
[EventDate "2017.12.26"]

1. d4 Nf6 2. Nf3 d5 3. e3 c6 4. Bd3 g6 5. b3 Bg7 6. Bb2 Nbd7 7. Nbd2 O-O 8. O-O
Re8 9. Ne5 Nxe5 10. dxe5 Ng4 11. Nf3 Qc7 12. c4 Nxe5 13. Nxe5 Bxe5 14. Bxe5
Qxe5 15. cxd5 cxd5 16. Qd2 Qd6 17. Rfd1 Rd8 18. Qe2 Bd7 19. Rd2 Bc6 20. Rad1
Qf6 21. b4 a6 22. Bc2 Bb5 23. Bd3 Bxd3 24. Rxd3 e6 25. g3 Rdc8 26. e4 Qe5 27.
Rd4 dxe4 28. Rxe4 Qb5 29. Rxe6 fxe6 30. Qxe6+ Kh8 31. Qf6+ {(=)} 1/2-1/2

[Event "DVM U20 2017"]
[Site "Düsseldorf GER"]
[Date "2017.12.29"]
[Round "5"]
[White "Rempe, Moritz"]
[Black "Cech, Tim"]
[Result "0-1"]
[Termination "normal"]
[Board "4.3"]
[WhiteElo "1990"]
[BlackElo "2023"]
[WhiteTeam "SG Bochum"]
[BlackTeam "USV Potsdam"]
[PlyCount "120"]
[WhiteFideId "12906867"]
[BlackFideId "1270258"]
[EventCountry "GER"]
[EventRounds "7"]
[EventType "team-swiss"]
[EventDate "2017.12.26"]

1. e4 {[%emt 0:00:00]} e6 2. d4 d5 3. Nc3 Nc6 4. e5 f6 5. exf6 Nxf6 6. Nf3 Bd6
7. Bg5 Qe7 8. Be2 Bd7 9. a3 a6 10. O-O O-O 11. Re1 Qf7 12. Bf1 Rae8 13. Qd2 Nh5
14. Rad1 Nf4 15. g3 Ng6 16. Bg2 h6 17. Be3 b6 18. Qd3 Na5 19. b4 Nc4 20. Ra1
Kh8 21. Nd2 b5 22. Nxc4 bxc4 23. Qe2 c6 24. f4 Ne7 25. Nb1 Qg6 26. Ra2 Nf5 27.
Nd2 Nxg3 28. hxg3 Qxg3 29. Qf2 Qg4 30. Qf3 Qh4 31. Qf2 Qxf2+ 32. Kxf2 g5 33.
Nf3 gxf4 34. Bc1 Rg8 35. Ne5 Bxe5 36. Rxe5 Ref8 37. c3 Rg3 38. Bf3 Rh3 39. Rae2
Rh2+ 40. Kf1 Rh3 41. Rf2 Rf6 42. Bd2 Kg7 43. Rg2+ Kf8 44. Kf2 Be8 45. Re1 Bg6
46. a4 Be4 47. Bxe4 dxe4 48. Rxe4 f3 49. Rg1 Rh2+ 50. Kg3 Rxd2 51. Rf1 Rg2+ 52.
Kh3 Rgg6 53. Re3 f2 54. Re2 Rf3+ 55. Kh4 Rg2 56. b5 cxb5 57. axb5 axb5 58. Ra2
Ke7 59. Re2 Rxc3 60. Rfxf2 Rxf2 0-1

[Event "DVM U20 2017"]
[Site "Düsseldorf GER"]
[Date "2017.12.29"]
[Round "5"]
[White "Werthmann, Nils"]
[Black "Wübker, Paul-Luca"]
[Result "1/2-1/2"]
[Termination "normal"]
[Board "4.4"]
[WhiteElo "1986"]
[BlackElo "2053"]
[WhiteTeam "USV Potsdam"]
[BlackTeam "SG Bochum"]
[PlyCount "103"]
[WhiteFideId "1270257"]
[BlackFideId "12939528"]
[EventCountry "GER"]
[EventRounds "7"]
[EventType "team-swiss"]
[EventDate "2017.12.26"]

1. Nc3 c5 2. Nf3 d6 3. d4 cxd4 4. Nxd4 Nf6 5. Bg5 e5 6. Nb3 Be7 7. g3 h6 8.
Bxf6 Bxf6 9. Bg2 Nc6 10. O-O Be6 11. Nd5 Bg5 12. c4 Qd7 13. Qd3 h5 14. f4 Bd8
15. f5 Bxd5 16. Qxd5 Bb6+ 17. Kh1 O-O-O 18. a4 Nb4 19. Qe4 a5 20. Rac1 f6 21.
c5 dxc5 22. Nxc5 Bxc5 23. Rxc5+ Nc6 24. Rfc1 Kb8 25. Rb5 Rc8 26. h4 Ka8 27. b4
axb4 28. a5 Qd2 29. Rc2 Qd1+ 30. Kh2 b3 31. a6 Qxc2 32. axb7+ Kb8 33. bxc8=Q+
Kxc8 34. Qxc6+ Qxc6 35. Bxc6 Kc7 36. Bf3 Rb8 37. Rxb8 Kxb8 38. Be4 Kc7 39. Kg2
Kd6 40. Kf2 Kc5 41. Ke3 Kc4 42. Kd2 Kd4 43. Bb1 e4 44. e3+ Ke5 45. Kc3 Kxf5 46.
Kxb3 Kg4 47. Bxe4 f5 48. Bd3 Kf3 49. Bxf5 Kxe3 50. Bg6 Kf3 51. Bxh5+ Kxg3 52.
Kc3 {(=)} 1/2-1/2

[Event "DVM U20 2017"]
[Site "Düsseldorf GER"]
[Date "2017.12.29"]
[Round "5"]
[White "Finke, Dominik"]
[Black "Shevelko, Alexander"]
[Result "1-0"]
[Termination "normal"]
[Board "4.5"]
[WhiteElo "2049"]
[BlackElo "1883"]
[WhiteTeam "SG Bochum"]
[BlackTeam "USV Potsdam"]
[PlyCount "61"]
[WhiteFideId "16202511"]
[BlackFideId "12952125"]
[EventCountry "GER"]
[EventRounds "7"]
[EventType "team-swiss"]
[EventDate "2017.12.26"]

1. e4 c6 2. d4 d5 3. Nd2 dxe4 4. Nxe4 Bf5 5. Ng3 Bg6 6. h4 h6 7. Nf3 Nd7 8. h5
Bh7 9. Bd3 Bxd3 10. Qxd3 Ngf6 11. Bd2 e6 12. O-O-O Qc7 13. Kb1 O-O-O 14. Ne4
Nd5 15. c4 N5b6 16. Ba5 Be7 17. Qe2 c5 18. dxc5 Nxc5 19. b4 Nxe4 20. Qxe4 Rxd1+
21. Rxd1 Rd8 22. Rc1 Qc6 23. Qxc6+ bxc6 24. c5 Kb7 25. b5 Rd5 26. bxc6+ Ka6 27.
cxb6 Rb5+ 28. Kc2 Rxa5 29. Kd1 Rc5 30. c7 Kb7 31. bxa7 1-0

[Event "DVM U20 2017"]
[Site "Düsseldorf GER"]
[Date "2017.12.29"]
[Round "5"]
[White "Glagau, Lars"]
[Black "Fistoul, Boris"]
[Result "0-1"]
[Termination "normal"]
[Board "4.6"]
[WhiteElo "1450"]
[BlackElo "1924"]
[WhiteTeam "USV Potsdam"]
[BlackTeam "SG Bochum"]
[PlyCount "68"]
[WhiteFideId "16200390"]
[BlackFideId "12953962"]
[EventCountry "GER"]
[EventRounds "7"]
[EventType "team-swiss"]
[EventDate "2017.12.26"]

1. e4 e6 2. d4 b6 3. Nf3 Bb7 4. Bd3 c5 5. c3 Nf6 6. Qe2 Be7 7. O-O d5 8. e5
Nfd7 9. Be3 Nc6 10. Ne1 cxd4 11. cxd4 Nb4 12. f4 Nxd3 13. Qxd3 g6 14. Nc3 Nb8
15. Qd2 Nc6 16. Nf3 h5 17. Rac1 Rc8 18. Bf2 Ba6 19. Rfd1 Nb4 20. Qe3 Nc6 21.
Qe1 Nb4 22. Qe3 Nc6 23. Qe1 Nb4 24. Qe3 Nc6 {dreifache Stellungs Wiederholung
wurde weiter gespielt} 25. Qe1 h4 26. h3 Na5 27. b3 Nc6 28. Qe3 Ba3 29. Rc2 Nb4
30. Rcd2 Qc7 31. Ne2 Nc2 32. Rxc2 Qxc2 33. Rd2 Qb1+ 34. Kh2 Bb4 0-1

[Event "DVM U20 2017"]
[Site "Düsseldorf GER"]
[Date "2017.12.29"]
[Round "5"]
[White "Linnemann, Niklas"]
[Black "Hartge, Gedeon"]
[Result "1/2-1/2"]
[Termination "normal"]
[Board "5.1"]
[WhiteElo "1998"]
[BlackElo "2140"]
[WhiteTeam "TuS Coswig"]
[BlackTeam "USV Halle"]
[PlyCount "105"]
[WhiteFideId "24695645"]
[BlackFideId "12932116"]
[EventCountry "GER"]
[EventRounds "7"]
[EventType "team-swiss"]
[EventDate "2017.12.26"]

1. e4 c5 2. Nf3 e6 3. d4 cxd4 4. Nxd4 a6 5. Nc3 Qc7 6. Bd3 Nf6 7. O-O d6 8. Qe2
Nbd7 9. Bd2 b5 10. a4 b4 11. Na2 Qb6 12. Nb3 d5 13. a5 Qb8 14. exd5 Nxd5 15.
Nd4 Bc5 16. c4 Ne7 17. Nb3 Bd6 18. h3 Bb7 19. Qe3 O-O 20. c5 Bh2+ 21. Kh1 Nd5
22. Qe4 N7f6 23. Qh4 Bf4 24. Nxb4 Bxd2 25. Nxd5 Bxd5 26. Nxd2 Qxb2 27. Ne4 Bxe4
{(=)} 28. Bxe4 Rac8 29. c6 Qe5 30. Bf3 Nd5 31. Qc4 Nc7 32. Rfe1 Qb5 33. Qc3 Qf5
34. Re5 Qf6 35. Qc5 Rfd8 36. Rb1 Nb5 37. Be2 Rxc6 38. Qxc6 Qxe5 39. Bxb5 axb5
40. a6 b4 41. a7 Qa5 42. Qb7 g6 43. Rxb4 Rd1+ 44. Kh2 Ra1 45. Qb8+ Kg7 46. Rb7
h5 47. Qf4 Qf5 48. Qd4+ Qf6 49. Qe3 Ra6 50. Rb8 Qa1 51. Qc5 Rxa7 52. Qf8+ Kh7
53. Qg8+ {(=)} 1/2-1/2

[Event "DVM U20 2017"]
[Site "Düsseldorf GER"]
[Date "2017.12.29"]
[Round "5"]
[White "Gröbel, Aaron"]
[Black "von Koslowski, Utz"]
[Result "1/2-1/2"]
[Termination "normal"]
[Board "5.2"]
[WhiteElo "2103"]
[BlackElo "1955"]
[WhiteTeam "USV Halle"]
[BlackTeam "TuS Coswig"]
[PlyCount "80"]
[WhiteFideId "12914851"]
[BlackFideId "12964247"]
[EventCountry "GER"]
[EventRounds "7"]
[EventType "team-swiss"]
[EventDate "2017.12.26"]

1. e4 c5 2. Nf3 e6 3. d4 cxd4 4. Nxd4 a6 5. Nc3 Qc7 6. Bd3 Nf6 7. O-O Bd6 8. h3
b6 9. Be3 Bb7 10. f4 Bb4 11. Nde2 d6 12. a3 Bc5 13. Bf2 Bxf2+ 14. Rxf2 Nbd7 15.
Ng3 h5 16. Qe2 h4 17. Nf1 Nc5 18. Re1 Nh5 19. Qg4 Qe7 20. e5 O-O-O 21. b4 Nxd3
22. cxd3 Kb8 23. d4 g6 24. Ne3 d5 25. Rc1 Ng3 26. Rfc2 Rc8 27. Qf3 Nf5 {(=)}
28. Nxf5 gxf5 29. Na4 Ka7 30. Rxc8 Rxc8 31. Rxc8 Bxc8 32. Qc3 Qd7 33. Nb2 Bb7
34. Kf2 Bc6 35. Qc2 Kb7 36. a4 Qe8 37. a5 bxa5 38. bxa5 Bb5 39. Qc3 Qd8 40. Nd1
Qg8 {(=)} 1/2-1/2

[Event "DVM U20 2017"]
[Site "Düsseldorf GER"]
[Date "2017.12.29"]
[Round "5"]
[White "Kunath, Tim"]
[Black "Schulte, Felix"]
[Result "1/2-1/2"]
[Termination "normal"]
[Board "5.3"]
[WhiteElo "2006"]
[BlackElo "1982"]
[WhiteTeam "TuS Coswig"]
[BlackTeam "USV Halle"]
[PlyCount "69"]
[WhiteFideId "12985074"]
[BlackFideId "12914800"]
[EventCountry "GER"]
[EventRounds "7"]
[EventType "team-swiss"]
[EventDate "2017.12.26"]

1. e4 c5 2. Nf3 e6 3. d4 cxd4 4. Nxd4 a6 5. Nc3 Qc7 6. Bd3 Nf6 7. O-O d6 8. a4
Nbd7 9. a5 Be7 10. Nb3 O-O 11. Qe2 Re8 12. f4 e5 13. f5 b5 14. axb6 Nxb6 15.
Bg5 Bb7 16. Kh1 d5 17. Bxf6 Bxf6 18. Na5 dxe4 19. Nxe4 Nd5 20. Nxf6+ Nxf6 21.
Nxb7 Qxb7 22. b3 a5 23. Bb5 Red8 24. c4 Qc7 25. Rfd1 h6 26. h3 e4 27. Rxd8+
Rxd8 28. Rd1 Rd6 29. Rxd6 Qxd6 30. Qe3 Nh5 31. g4 Qd1+ 32. Kg2 Qc2+ 33. Kh1
Qd1+ 34. Kg2 Qc2+ 35. Kh1 {(=)} 1/2-1/2

[Event "DVM U20 2017"]
[Site "Düsseldorf GER"]
[Date "2017.12.29"]
[Round "5"]
[White "Altstadt, Karl-Simon"]
[Black "Kieslich, Aaron"]
[Result "1/2-1/2"]
[Termination "normal"]
[Board "5.4"]
[WhiteElo "2004"]
[BlackElo "2048"]
[WhiteTeam "USV Halle"]
[BlackTeam "TuS Coswig"]
[PlyCount "71"]
[WhiteFideId "24696676"]
[BlackFideId "1270391"]
[EventCountry "GER"]
[EventRounds "7"]
[EventType "team-swiss"]
[EventDate "2017.12.26"]

1. e4 c5 2. Nf3 d6 3. d4 cxd4 4. Nxd4 Nf6 5. Nc3 a6 6. f4 e6 7. Qf3 Qc7 8. a3
b5 9. Be3 Nbd7 10. g4 Nb6 11. g5 Nfd7 12. Qh3 e5 13. Nde2 Nc5 14. Qg3 Bb7 15.
Bg2 O-O-O 16. O-O Ncd7 17. b3 exf4 18. Bxf4 Ne5 19. Kh1 Kb8 20. Nd4 Rc8 21. Nd5
Nxd5 22. exd5 g6 23. c4 bxc4 24. bxc4 Bg7 25. Nc6+ Ka8 26. Rab1 Bxc6 27. dxc6
Rb8 28. Bxe5 Bxe5 29. Qd3 Rxb1 30. Rxb1 Rb8 31. Rb7 Rxb7 32. cxb7+ Kb8 33. Qb3
Bd4 34. Qd3 Bb6 35. Qe2 Qd7 36. Qb2 {(=)} 1/2-1/2

[Event "DVM U20 2017"]
[Site "Düsseldorf GER"]
[Date "2017.12.29"]
[Round "5"]
[White "Kretzschmar, Arnd"]
[Black "von Koslowski, Wilhelm"]
[Result "1-0"]
[Termination "normal"]
[Board "5.6"]
[WhiteElo "1986"]
[BlackElo "1523"]
[WhiteTeam "USV Halle"]
[BlackTeam "TuS Coswig"]
[PlyCount "59"]
[WhiteFideId "12914835"]
[BlackFideId "12985147"]
[EventCountry "GER"]
[EventRounds "7"]
[EventType "team-swiss"]
[EventDate "2017.12.26"]

1. d4 d5 2. c4 e6 3. Nc3 Nf6 4. Bg5 Be7 5. e3 O-O 6. cxd5 exd5 7. Bd3 c6 8. Qc2
h6 9. Bf4 Nh5 10. Bg3 Nd7 11. Nf3 Nhf6 12. O-O Re8 13. Rab1 Nh5 14. b4 Nxg3 15.
hxg3 Nf6 16. b5 cxb5 17. Nxb5 Bd6 18. Rfc1 Re7 19. Bf5 Be6 20. Bxe6 fxe6 21.
Nxd6 Qxd6 22. Ne5 Ne4 23. Kh2 Nf6 24. f3 Rb8 25. Qa4 Ra8 26. Rc3 Rc7 27. Rcb3
Qe7 28. Nd3 Nd7 29. Rxb7 Nb6 30. R7xb6 1-0